000 02365nam0a2200397 4500
001 RU\NLR\BIBL_A\011654355
005 20180403101407.0
010 _a978-5-9966-1066-2
_95000
021 _aRU
_bКН-П-18-008145
_9КН-П-18-0564
035 _a(NLR Aleph) 011654355
035 _a(RuMoRGB)009535454
090 _a11146101
_c11146101
100 _a20180312d2017 k y0rusy50 ca
101 0 _arus
102 _aRU
105 _ay j 000zy
200 1 _aХимия. ЕГЭ. 10-11 классы
_eновые задания высокого уровня сложности по демоверсии 2018 года
_e[800 заданий в формате ЕГЭ, теоретические сведения, примеры выполнения заданий, ответы и подробные решения]
_eучебно-методическое пособие
_fВ. Н. Доронькин, А. Г. Бережная, Т. В. Сажнева, В. А. Февралева
_gпод редакцией В. Н. Доронькина
210 _aРостов-на-Дону
_cЛегион
_d2017
215 _a439, [1] с.
_d20
225 1 _aЕГЭ
300 _aЗагл. обл.: ЕГЭ-2018. Химия. Новые задания высокого уровня сложности по демоверсии 2018 года
320 _aБиблиогр. в конце кн.
512 1 _aЕГЭ-2018. Химия. Новые задания высокого уровня сложности по демоверсии 2018 года
606 _aХимические науки -- Учебно-методическое пособие для средней общеобразовательной школы
_2rubbk
606 1 _aХимия
_jЗадачники
_9898913
_3RU\NLR\AUTH\666296
686 _aГ.я721-14
_2rubbk
686 1 _aГ1я721-4
701 1 _aДоронькин
_bВ. Н.
_gВладимир Николаевич
_4070
_4340
701 1 _aБережная
_bА. Г.
_gАлександра Григорьевна
701 1 _7ca
_8rus
_aСажнева
_bТ. В.
_gТатьяна Владимировна
_930070
_3RU\NLR\AUTH\7747135
701 1 _aФевралева
_bВ. А.
_gВалентина Александровна
942 _cBOOK
980 _aNBR
980 _aNB